|
|
|
|
| LEADER |
00700nab a2200205 i 4500 |
| 001 |
delm53746 |
| 005 |
20180927141917.0 |
| 008 |
180927s1958 hu o 0|| hun d |
| 040 |
|
|
|a SZTE Délmagyarország Archívum
|b hun
|
| 041 |
|
|
|a hun
|
| 100 |
1 |
|
|a Liebmann Béla
|
| 245 |
1 |
0 |
|a Hatvanéves jubileumát ünnepelte a szegedi Radnóti Miklós Gimnázium
|h [elektronikus dokumentum] :
|b az iskola több pedagógusa kapott kitüntetést, jutalmat /
|c Liebmann Béla
|
| 260 |
|
|
|c 1958-05-20
|
| 300 |
|
|
|a 4
|
| 490 |
0 |
|
|a Délmagyarország
|
| 695 |
|
|
|a Iskolatörténet Szeged 1958
|
| 700 |
0 |
1 |
|a Bán Sándor
|e aut
|
| 700 |
0 |
1 |
|a Bánfalvi József
|e aut
|
| 700 |
0 |
1 |
|a Biczó György
|e aut
|
| 700 |
0 |
1 |
|a Für István
|e aut
|